Advanced aspects of machine lathe operation( with 5 pages pamphlet) [DVD] (Record no. 292761)

000 -LEADER
fixed length control field 00380 a2200145 4500
001 - CONTROL NUMBER
control field 57688
082 ## - DEWEY DECIMAL CLASSIFICATION NUMBER
Classification number 80274
090 ## - LOCALLY ASSIGNED LC-TYPE CALL NUMBER (OCLC); LOCAL CALL NUMBER (RLIN)
-- 35369
-- 35369
100 ## - MAIN ENTRY--PERSONAL NAME
Personal name Rudy Kouhoupt
245 ## - TITLE STATEMENT
Title Advanced aspects of machine lathe operation( with 5 pages pamphlet) [DVD]
260 ## - PUBLICATION, DISTRIBUTION, ETC.
Name of publisher, distributor, etc. New Life Video Productions
Date of publication, distribution, etc. 1999
300 ## - PHYSICAL DESCRIPTION
Accompanying material ( with 5 pages pamphlet)
500 ## - GENERAL NOTE
General note CD/DVD
505 ## - FORMATTED CONTENTS NOTE
Formatted contents note IE
942 ## - ADDED ENTRY ELEMENTS (KOHA)
Institution code [OBSOLETE] NUST-CAE
Call number prefix 80274
Holdings
Withdrawn status Lost status Damaged status Not for loan Collection code Permanent Location Current Location Date acquired Total Checkouts Full call number Barcode Date last seen Price effective from Koha item type
          College of Aeronautical Engineering (CAE) College of Aeronautical Engineering (CAE) 04/03/2017   80274 CAE80274 04/05/2017 04/05/2017 Book
© 2023 Central Library, National University of Sciences and Technology. All Rights Reserved.